Statistics for Guess the Taylor Swift Song (no hints) 140

Click here to take the quiz!

General Stats

  • This quiz has been taken 22 times
  • The average score is 339 of 440

Answer Stats

Answer% Correct
I
100%
the
95%
The
95%
a
91%
my
91%
on
91%
On
91%
you
91%
You
91%
an
86%
be
86%
by
86%
have
86%
In
86%
in
86%
me
86%
to
86%
and
82%
And
82%
back
82%
But
82%
for
82%
had
82%
It
82%
like
82%
That
82%
that
82%
them
82%
time
82%
we
82%
We
82%
When
82%
your
82%
all
77%
day,
77%
day
77%
is
77%
just
77%
Long,
77%
long,
77%
Long
77%
"Long
77%
long
77%
mind
77%
never
77%
night
77%
not
77%
Of
77%
of
77%
One
77%
said
77%
they
77%
"This
77%
this
77%
up
77%
us
77%
were
77%
'Cause
73%
God
73%
got
73%
held
73%
hero
73%
if,
73%
If
73%
I'm
73%
kings
73%
life
73%
live
73%
look
73%
name
73%
now
73%
off
73%
our
73%
queens
73%
remember
73%
same
73%
shaking
73%
stood
73%
tell
73%
Tell
73%
there
73%
town
73%
was
73%
Will
73%
will
73%
with
73%
you'll
73%
age
68%
are
68%
around
68%
book
68%
children
68%
crashed
68%
crowds
68%
dragons
68%
face"
68%
face
68%
fall
68%
falls
68%
fate
68%
feeling
68%
fighting
68%
forbid,
68%
forever
68%
ground
68%
hands
68%
head
68%
history
68%
Hold
68%
how
68%
How
68%
into
68%
kingdom
68%
knew
68%
lights
68%
made"
68%
magic
68%
moment
68%
moment,
68%
moment?
68%
names
68%
page
68%
pictures
68%
Please
68%
point
68%
Promise
68%
read
68%
remembered
68%
Screaming,
68%
screaming,
68%
shine
68%
shined
68%
should
68%
someday
68%
stand
68%
start
68%
step
68%
take
68%
walls
68%
went
68%
wild
68%
world
68%
absurd"
64%
afraid
64%
Confetti
64%
decade
64%
end
64%
force
64%
goodbye
64%
jeans
64%
lives
64%
memories
64%
passed
64%
right
64%
ripped
64%
rule
64%
sidelines
64%
spinning
64%
stands
64%
these
64%
through
64%
Wishing
64%
Would
64%
band
59%
baseball
59%
break
59%
bring
59%
cap
59%
crown
59%
cynics
59%
gave
59%
hope
59%
May
59%
outraged
59%
pretenders
59%
pretenders,
59%
thieves
59%
trophies
59%
years
59%
danced
55%
Singing
55%
traded
55%
mountains
50%
moved
50%

Score Distribution

Percentile by Number Answered

Percent of People with Each Score

Your Score History

You have not taken this quiz